[Event "Oakville Winter op U2100"]
[Site "Oakville CAN"]
[Date "2019.01.26"]
[Round "2.14"]
[White "Hasku, Dashnor"]
[Black "Qiao, Joey"]
[Result "1-0"]
[WhiteElo "1824"]
[BlackElo "1702"]
[PlyCount "55"]
[EventDate "2019.01.25"]
[EventType "swiss"]
[EventRounds "5"]
[EventCountry "CAN"]

1. e4 e5 2. Nf3 Nc6 3. d4 exd4 4. Bc4 Be7 5. c3 Nf6 6. e5 Ne4 7. Bd5 Nc5 8.
cxd4 Ne6 9. O-O O-O 10. Bb3 Na5 11. Bc2 d5 12. Nc3 Re8 13. h3 Nf8 14. Nh2 Be6
15. f4 f5 16. g4 g6 17. gxf5 gxf5 18. Qh5 Qd7 19. Rf2 Ng6 20. Ng4 fxg4 21. f5
Bh4 22. Rg2 gxh3 23. Rg4 Qf7 24. Bh6 Kh8 25. Rf1 Rg8 26. fxg6 Bxg4 27. Rxf7
Bxh5 28. Rxh7# 1-0

[Event "Oakville Winter op U2100"]
[Site "Oakville CAN"]
[Date "2019.01.26"]
[Round "2.15"]
[White "Xiang, Christopher"]
[Black "Stewart, Scott"]
[Result "0-1"]
[WhiteElo "1700"]
[BlackElo "1778"]
[PlyCount "64"]
[EventDate "2019.01.25"]
[EventType "swiss"]
[EventRounds "5"]
[EventCountry "CAN"]

1. e4 c5 2. Nf3 d6 3. d4 cxd4 4. Nxd4 Nf6 5. Nc3 g6 6. Be3 Bg7 7. f3 O-O 8. Qd2
Nc6 9. Bc4 Bd7 10. O-O-O Rc8 11. Bb3 Ne5 12. h4 h5 13. Bg5 Rc5 14. g4 b5 15.
Rdg1 a5 16. Nd5 Rxd5 17. exd5 a4 18. gxh5 Nxh5 19. Bh6 axb3 20. cxb3 Qa8 21.
Bxg7 Kxg7 22. Kb1 Qxd5 23. f4 Nc6 24. Rd1 Nxd4 25. Qxd4+ Qxd4 26. Rxd4 Rc8 27.
a4 Ng3 28. Re1 Nf5 29. Rb4 Rc5 30. Rc1 Nxh4 31. Re1 Kf6 32. Rbe4 Nf3 0-1

[Event "Oakville Winter op U2100"]
[Site "Oakville CAN"]
[Date "2019.01.26"]
[Round "3.7"]
[White "Jackson, Nicholas"]
[Black "Rusonik, Max"]
[Result "0-1"]
[WhiteElo "1969"]
[BlackElo "2058"]
[PlyCount "98"]
[EventDate "2019.01.25"]
[EventType "swiss"]
[EventRounds "5"]
[EventCountry "CAN"]

1. d4 Nf6 2. Nf3 c5 3. d5 d6 4. c4 b5 5. cxb5 a6 6. bxa6 g6 7. e4 Bg7 8. Bb5+
Nfd7 9. Nc3 Qa5 10. Bd2 Nxa6 11. O-O O-O 12. a4 Rb8 13. Na2 Qb6 14. Rb1 Nc7 15.
Bc4 Qa7 16. b3 Nb6 17. Be2 f5 18. a5 Nba8 19. Bc4 fxe4 20. Ng5 Bf5 21. g4 Bd7
22. Qe2 Nb5 23. Qxe4 Rbe8 24. h4 Nd4 25. Kg2 Nc7 26. Rbe1 e6 27. h5 exd5 28.
Bxd5+ Nxd5 29. Qxd5+ Kh8 30. f3 Bc6 31. Qxd6 Rxe1 32. Bxe1 Qb7 33. hxg6 Nxf3
34. Nxf3 Bxf3+ 35. Kg3 hxg6 36. Bc3 Rf7 37. Bxg7+ Kxg7 38. Qe5+ Kg8 39. Qe6
Qc7+ 40. Kh3 Qf4 41. Qxg6+ Kh8 42. Rxf3 Qxf3+ 43. Kh4 Qh1+ 44. Kg5 Rg7 45.
Qxg7+ Kxg7 46. Nc3 Qc1+ 47. Kf5 Qxc3 48. a6 Qd3+ 49. Ke5 Qxa6 0-1

[Event "Oakville Winter op U2100"]
[Site "Oakville CAN"]
[Date "2019.01.26"]
[Round "3.8"]
[White "Calvelo, Jelvis"]
[Black "England, Max"]
[Result "1-0"]
[WhiteElo "2051"]
[BlackElo "2010"]
[PlyCount "119"]
[EventDate "2019.01.25"]
[EventType "swiss"]
[EventRounds "5"]
[EventCountry "CAN"]

1. c4 e5 2. g3 Nf6 3. Bg2 d5 4. cxd5 Nxd5 5. Nc3 Nb6 6. d3 Nc6 7. a3 Be7 8. Nf3
Be6 9. O-O O-O 10. b4 f6 11. Bb2 Qd7 12. Re1 Rad8 13. Rc1 a5 14. bxa5 Nxa5 15.
Nd2 Kh8 16. Qc2 c5 17. Nce4 Rc8 18. e3 Rfd8 19. Bf1 c4 20. d4 f5 21. Nc3 f4 22.
Nf3 exd4 23. Nxd4 fxg3 24. hxg3 Nb3 25. Nxe6 Qxe6 26. Rcd1 Nc5 27. Rxd8+ Rxd8
28. Rd1 Rf8 29. Rd4 Bf6 30. Rf4 Rd8 31. Ne4 Nxe4 32. Rxe4 Qc6 33. Bxf6 Qxf6 34.
Bxc4 Nxc4 35. Rxc4 Qa1+ 36. Kg2 Qxa3 37. Rh4 Qd3 38. Qxd3 Rxd3 39. Rb4 Rd7 40.
f4 Kg8 41. g4 Kf7 42. Rb6 Ke7 43. Kf3 Kd8 44. f5 Kc7 45. Rb1 Kc6 46. g5 b5 47.
Kf4 Kc5 48. Rc1+ Kb6 49. f6 h6 50. gxh6 gxf6 51. Rh1 Rh7 52. Kf5 b4 53. Kg6 Rh8
54. Kg7 Rc8 55. h7 b3 56. Rb1 Rc7+ 57. Kh6 Rc4 58. Rxb3+ Kc6 59. h8=Q Rh4+ 60.
Kg7 1-0

[Event "Oakville Winter op U2100"]
[Site "Oakville CAN"]
[Date "2019.01.26"]
[Round "3.9"]
[White "Zhao, Jeffrey R"]
[Black "Malmsten, Erik"]
[Result "1-0"]
[WhiteElo "2027"]
[BlackElo "1944"]
[PlyCount "117"]
[EventDate "2019.01.25"]
[EventType "swiss"]
[EventRounds "5"]
[EventCountry "CAN"]

1. e4 c6 2. d4 d5 3. exd5 cxd5 4. c4 Nf6 5. Nc3 Nc6 6. Nf3 e6 7. cxd5 Nxd5 8.
Bd3 Be7 9. O-O Bf6 10. Re1 O-O 11. a3 h6 12. Bc2 Nce7 13. Qd3 Ng6 14. Ne5 Bxe5
15. dxe5 b6 16. Qg3 Nde7 17. h4 f5 18. exf6 Rxf6 19. Be4 Nf5 20. Qh2 Ba6 21.
Bxa8 Qxa8 22. h5 Ngh4 23. Ne4 Rf8 24. Bf4 Bb7 25. f3 Qe8 26. Nd6 Nxd6 27. Bxd6
Nxf3+ 28. gxf3 Rxf3 29. Rf1 Qc6 30. Rxf3 Qxf3 31. Rf1 Qe3+ 32. Qf2 Qg5+ 33. Qg3
Qxh5 34. Rf8+ Kh7 35. Qd3+ Qg6+ 36. Qxg6+ Kxg6 37. Be5 h5 38. Rg8 Kf5 39. Rxg7
Bd5 40. Bd4 Ke4 41. Bf2 Kd3 42. Rxa7 b5 43. Bg3 Kc2 44. Be5 Kb3 45. Kf2 Bc4 46.
Rh7 Bd5 47. Rxh5 b4 48. axb4 Kxb4 49. Ke3 Kc4 50. Kd2 Kb3 51. Rh3+ Kb4 52. Bd6+
Kc4 53. b4 Kb5 54. Kc3 Ba2 55. Kd4 Kc6 56. Bc5 Bd5 57. Ke5 Kb5 58. Rh6 Kc4 59.
Rxe6 1-0

[Event "Oakville Winter op U2100"]
[Site "Oakville CAN"]
[Date "2019.01.26"]
[Round "3.10"]
[White "Lauron, Ranel"]
[Black "Brajkovic, Nikola"]
[Result "1-0"]
[WhiteElo "2094"]
[BlackElo "1992"]
[PlyCount "62"]
[EventDate "2019.01.25"]
[EventType "swiss"]
[EventRounds "5"]
[EventCountry "CAN"]

1. e4 e5 2. d4 exd4 3. Qxd4 Nc6 4. Qe3 d6 5. Nc3 Be6 6. Bd2 Be7 7. O-O-O Nf6 8.
f4 g6 9. Nf3 a6 10. Ng5 Qd7 11. h3 h6 12. Nxe6 Qxe6 13. Be2 O-O-O 14. Bf3 h5
15. Rhe1 Rhe8 16. e5 dxe5 17. fxe5 Nh7 18. Bxc6 Qxc6 19. Qa7 b5 20. Qf2 Rxd2
21. Rxd2 Bg5 22. Ne4 Bxd2+ 23. Nxd2 f6 24. exf6 Rxe1+ 25. Qxe1 Nxf6 26. Qe2 Qd6
27. a3 g5 28. Qf3 g4 29. Qf5+ Kb7 30. hxg4 hxg4 31. Qf2 c5 1-0

[Event "Oakville Winter op U2100"]
[Site "Oakville CAN"]
[Date "2019.01.26"]
[Round "3.11"]
[White "Stewart, Scott"]
[Black "Papneja, Arul"]
[Result "1-0"]
[WhiteElo "1778"]
[BlackElo "2037"]
[PlyCount "47"]
[EventDate "2019.01.25"]
[EventType "swiss"]
[EventRounds "5"]
[EventCountry "CAN"]

1. e4 c5 2. Nf3 d6 3. d4 cxd4 4. Nxd4 Nf6 5. Nc3 a6 6. Bg5 e6 7. f4 h6 8. Bh4
Qb6 9. Qd2 Qxb2 10. Rb1 Qa3 11. Be2 Be7 12. O-O Nbd7 13. Bf2 Qa5 14. Bf3 Qc7
15. Rfe1 Rb8 16. e5 Ng8 17. Bh5 Nc5 18. f5 dxe5 19. fxe6 Nxe6 20. Nd5 Qd8 21.
Rxe5 Nf6 22. Nxe7 Kxe7 23. Qb4+ Kd7 24. Nf5 1-0

[Event "Oakville Winter op U2100"]
[Site "Oakville CAN"]
[Date "2019.01.26"]
[Round "3.12"]
[White "Gunapalan, David"]
[Black "Huang, Youhe"]
[Result "0-1"]
[WhiteElo "2012"]
[BlackElo "1941"]
[PlyCount "96"]
[EventDate "2019.01.25"]
[EventType "swiss"]
[EventRounds "5"]
[EventCountry "CAN"]

1. e4 c5 2. Nc3 Nc6 3. Bb5 Nd4 4. Bc4 e6 5. Nge2 g6 6. Nxd4 cxd4 7. Nb5 Qb6 8.
a4 a6 9. Na3 d6 10. O-O Ne7 11. Qe2 Bg7 12. d3 O-O 13. Bb3 Qc7 14. Bf4 e5 15.
Bg5 h6 16. Bxe7 Qxe7 17. Nc4 Be6 18. Nb6 Rad8 19. Bd5 Kh7 20. a5 Bxd5 21. Nxd5
Qe6 22. Ra4 f5 23. f3 h5 24. Rc4 Rd7 25. Qe1 Rff7 26. Qb4 Bh6 27. Qb6 f4 28.
Ra1 Bg5 29. Rc8 Rg7 30. Ra4 Rg8 31. Rxg8 Qxg8 32. Rc4 Bd8 33. Qb4 Qe6 34. Rc8
g5 35. Rxd8 Rxd8 36. Qxb7+ Kh8 37. Qxa6 g4 38. Qb7 gxf3 39. Qe7 Qg8 40. Qf6+
Kh7 41. Qf5+ Kh6 42. Qh3 Rc8 43. Qxf3 Rxc2 44. b4 Rc1+ 45. Kf2 Qc8 46. h4 Qc2+
47. Qe2 Qb1 48. a6 Rc2 0-1

[Event "Oakville Winter op U2100"]
[Site "Oakville CAN"]
[Date "2019.01.26"]
[Round "3.13"]
[White "Liu, Harrison"]
[Black "Zhao, Jeffrey Renfei"]
[Result "1/2-1/2"]
[WhiteElo "1745"]
[BlackElo "2052"]
[PlyCount "55"]
[EventDate "2019.01.25"]
[EventType "swiss"]
[EventRounds "5"]
[EventCountry "CAN"]

1. e4 e5 2. Nf3 Nc6 3. Bc4 Bc5 4. c3 Nf6 5. d3 a6 6. Nbd2 Ba7 7. O-O d6 8. Re1
O-O 9. Bb3 Be6 10. Nf1 Qd7 11. Bg5 Kh8 12. Ng3 Ng4 13. Rf1 h6 14. Bxe6 fxe6 15.
Bd2 Qf7 16. h3 Nf6 17. Qe2 Ne7 18. Be3 Ng6 19. Qd2 Nh7 20. Rad1 Nf4 21. d4 Nxg2
22. Nxe5 dxe5 23. Kxg2 Qf3+ 24. Kh2 Nf6 25. dxe5 Nxe4 26. Nxe4 Qxe4 27. Bxa7
Rxa7 28. Qd4 1/2-1/2

[Event "Oakville Winter op U2100"]
[Site "Oakville CAN"]
[Date "2019.01.26"]
[Round "3.14"]
[White "Qiao, Joey"]
[Black "Chakkoli, Shiva"]
[Result "0-1"]
[WhiteElo "1702"]
[BlackElo "1862"]
[PlyCount "73"]
[EventDate "2019.01.25"]
[EventType "swiss"]
[EventRounds "5"]
[EventCountry "CAN"]

1. e4 e5 2. Nf3 Nc6 3. Bc4 Bc5 4. c3 Nf6 5. d3 h6 6. Nbd2 O-O 7. O-O d5 8. Bb3
dxe4 9. dxe4 Bg4 10. h3 Bh5 11. Re1 Qe7 12. Qe2 Rad8 13. Nf1 Rd7 14. Ng3 Rfd8
15. Nf5 Qf8 16. Rd1 Rxd1+ 17. Bxd1 Nxe4 18. Bxh6 Nxf2 19. Bxg7 Rxd1+ 20. Rxd1
Nxd1+ 21. Kh2 Qd8 22. Bh6 Nf2 23. b4 Bd6 24. Qxf2 e4+ 25. Kg1 exf3 26. b5 Ne5
27. Qd4 fxg2 28. Kxg2 Qf6 29. Nxd6 cxd6 30. Bf4 Qg6+ 31. Kf2 Qf5 32. Kg3 Nd3
33. Qxd6 Qxf4+ 34. Qxf4 Nxf4 35. Kxf4 Be2 36. a4 b6 37. Ke3 0-1

[Event "Oakville Winter op U2100"]
[Site "Oakville CAN"]
[Date "2019.01.26"]
[Round "3.15"]
[White "Xie, Austin"]
[Black "Xiang, Christopher"]
[Result "1/2-1/2"]
[WhiteElo "1854"]
[BlackElo "1700"]
[PlyCount "98"]
[EventDate "2019.01.25"]
[EventType "swiss"]
[EventRounds "5"]
[EventCountry "CAN"]

1. e4 c5 2. Nc3 d6 3. f4 g6 4. Nf3 Bg7 5. Bb5+ Bd7 6. Bxd7+ Qxd7 7. d3 Nc6 8.
O-O e6 9. Ne2 Nge7 10. c3 d5 11. e5 h5 12. Be3 b6 13. h3 Nf5 14. Bf2 Nh6 15.
Ng3 Ne7 16. Ng5 Nef5 17. Nxf5 Nxf5 18. g4 Ne7 19. Bg3 Nc6 20. Qe2 O-O-O 21.
Rfc1 hxg4 22. hxg4 Bh6 23. Nf3 Rdg8 24. g5 Bf8 25. a3 Rh5 26. b4 Kb7 27. d4 c4
28. Nh2 Be7 29. Ng4 Rgh8 30. Nh6 Bf8 31. Ng4 Bg7 32. Nf6 Bxf6 33. exf6 Qd8 34.
Kg2 Qg8 35. Rh1 Qh7 36. Qd1 Rxh1 37. Qxh1 Qxh1+ 38. Rxh1 Rxh1 39. Kxh1 a5 40.
b5 Na7 41. a4 Nc8 42. f5 exf5 43. Kg2 Na7 44. Kf3 Kc8 45. Bd6 Kd7 46. Bb8 Nc8
47. Kf4 Ke6 48. Bc7 Kd7 49. Bb8 Ke6 1/2-1/2

[Event "Oakville Winter op U2100"]
[Site "Oakville CAN"]
[Date "2019.01.27"]
[Round "4.6"]
[White "Rusonik, Max"]
[Black "Calvelo, Jelvis"]
[Result "1-0"]
[WhiteElo "2058"]
[BlackElo "2051"]
[PlyCount "99"]
[EventDate "2019.01.25"]
[EventType "swiss"]
[EventRounds "5"]
[EventCountry "CAN"]

1. e4 d6 2. d4 e5 3. Nf3 Bg4 4. dxe5 Bxf3 5. Qxf3 dxe5 6. Bc4 Qe7 7. Nc3 c6 8.
O-O h6 9. a4 Nf6 10. b3 Nbd7 11. Rd1 Nb6 12. Ba3 Qc7 13. Bxf8 Kxf8 14. Be2 a5
15. Nb1 Ke7 16. Na3 Rhd8 17. Qe3 Ke8 18. c4 Rxd1+ 19. Rxd1 Rd8 20. c5 Rxd1+ 21.
Bxd1 Qe7 22. cxb6 Qxa3 23. Qc3 Qd6 24. Be2 Nxe4 25. Qxa5 Qc5 26. Qxc5 Nxc5 27.
Bc4 f6 28. Kf1 Ke7 29. Ke2 Kd6 30. a5 f5 31. b4 Nd7 32. Kd3 g5 33. f3 Nf6 34.
Bf7 f4 35. Bc4 h5 36. Bf7 h4 37. h3 Ke7 38. Bg6 Kd6 39. Bf5 Nd5 40. Bc8 Nxb4+
41. Ke4 Na6 42. Bxb7 Nc5+ 43. Kf5 Na4 44. a6 Nxb6 45. a7 Kd5 46. a8=Q Nxa8 47.
Bxa8 Kd4 48. Bxc6 Ke3 49. Kxg5 Kf2 50. Kxh4 1-0

[Event "Oakville Winter op U2100"]
[Site "Oakville CAN"]
[Date "2019.01.27"]
[Round "4.7"]
[White "Zhao, Jeffrey R"]
[Black "Lauron, Ranel"]
[Result "1-0"]
[WhiteElo "2027"]
[BlackElo "2094"]
[PlyCount "85"]
[EventDate "2019.01.25"]
[EventType "swiss"]
[EventRounds "5"]
[EventCountry "CAN"]

1. e4 e5 2. Nf3 Nc6 3. Bc4 Bc5 4. O-O Nf6 5. d3 d6 6. c3 Bb6 7. a4 Bg4 8. h3
Bd7 9. Re1 h6 10. b4 a5 11. b5 Ne7 12. d4 exd4 13. cxd4 O-O 14. Qb3 Ng6 15. Ba3
Ne8 16. Nbd2 Nh4 17. Re2 Qf6 18. e5 Nxf3+ 19. Nxf3 Qg6 20. Rae1 Bf5 21. Nh4 Qh5
22. Nxf5 Qxf5 23. e6 Nf6 24. e7 Rfb8 25. Bxf7+ Kh8 26. e8=Q+ Nxe8 27. Bxe8 Bxd4
28. Qc4 Qf4 29. Qf7 Bf6 30. Qf8+ Kh7 31. Bb2 Be5 32. Qxf4 Bxf4 33. Re7 Be5 34.
Bxe5 Rxe8 35. Bc3 Rxe7 36. Rxe7 Kg6 37. Rxg7+ Kf5 38. Rxc7 b6 39. Rc6 d5 40.
Rxh6 Ke4 41. Rxb6 d4 42. Bxd4 Kxd4 43. Ra6 1-0

[Event "Oakville Winter op U2100"]
[Site "Oakville CAN"]
[Date "2019.01.27"]
[Round "4.8"]
[White "England, Max"]
[Black "Jackson, Nicholas"]
[Result "1-0"]
[WhiteElo "2010"]
[BlackElo "1969"]
[PlyCount "59"]
[EventDate "2019.01.25"]
[EventType "swiss"]
[EventRounds "5"]
[EventCountry "CAN"]

1. e4 c5 2. d4 cxd4 3. c3 dxc3 4. Nxc3 Nc6 5. Nf3 d6 6. Bc4 e6 7. O-O Be7 8.
Qe2 Nf6 9. Rd1 e5 10. Be3 a6 11. Rac1 Bg4 12. h3 Bxf3 13. Qxf3 O-O 14. Ne2 Ne8
15. Qg3 Kh8 16. Bd5 Rc8 17. Nc3 b5 18. Nxb5 Nb4 19. Nc3 h6 20. a3 Nxd5 21. Nxd5
Rb8 22. Rc2 Bg5 23. b4 Bxe3 24. Nxe3 Nf6 25. Nf5 g6 26. Nxd6 Qe7 27. Rc5 Rbd8
28. Qxe5 Qxe5 29. Rxe5 Ne8 30. Nxf7+ 1-0

[Event "Oakville Winter op U2100"]
[Site "Oakville CAN"]
[Date "2019.01.27"]
[Round "4.9"]
[White "Huang, Youhe"]
[Black "Stewart, Scott"]
[Result "1-0"]
[WhiteElo "1941"]
[BlackElo "1778"]
[PlyCount "45"]
[EventDate "2019.01.25"]
[EventType "swiss"]
[EventRounds "5"]
[EventCountry "CAN"]

1. e4 c5 2. Nc3 Nc6 3. f4 g6 4. Bc4 Bg7 5. Nf3 e6 6. Qe2 Nge7 7. O-O O-O 8. Qf2
d5 9. Bb5 Nd4 10. e5 Nef5 11. Bd3 Nxf3+ 12. Qxf3 Nd4 13. Qf2 a6 14. Ne2 Nxe2+
15. Bxe2 d4 16. b4 b6 17. Ba3 Qc7 18. c3 Rd8 19. bxc5 bxc5 20. cxd4 Rxd4 21.
Bf3 Rb8 22. Rfc1 Bf8 23. Qxd4 1-0

[Event "Oakville Winter op U2100"]
[Site "Oakville CAN"]
[Date "2019.01.27"]
[Round "4.10"]
[White "Malmsten, Erik"]
[Black "Hasku, Dashnor"]
[Result "1-0"]
[WhiteElo "1944"]
[BlackElo "1824"]
[PlyCount "125"]
[EventDate "2019.01.25"]
[EventType "swiss"]
[EventRounds "5"]
[EventCountry "CAN"]

1. e4 c6 2. d4 d5 3. exd5 cxd5 4. c4 Nf6 5. Nc3 e6 6. Nf3 Be7 7. cxd5 Nxd5 8.
Bd3 Nd7 9. O-O N7f6 10. Re1 O-O 11. Bd2 b6 12. Rc1 Bb7 13. a3 Rc8 14. Qe2 Bd6
15. Ne5 Bxe5 16. dxe5 Nxc3 17. Rxc3 Qd5 18. f4 Rxc3 19. Bxc3 Qc5+ 20. Qf2 Qxf2+
21. Kxf2 Nd5 22. g3 Nxc3 23. bxc3 Rd8 24. Ke3 h6 25. Rb1 Rc8 26. c4 Ba6 27. Rb4
Kf8 28. Ra4 Bb7 29. Rxa7 Bc6 30. a4 Ke8 31. Ra6 Rc7 32. Kd4 Bd7 33. Be4 Ke7 34.
g4 Be8 35. f5 Bd7 36. h4 Be8 37. Bc2 Rd7+ 38. Kc3 Rb7 39. Kb4 Bd7 40. Be4 Rb8
41. Ra7 Kd8 42. c5 bxc5+ 43. Kxc5 Rb2 44. a5 Re2 45. Bd3 Rxe5+ 46. Kb6 Rd5 47.
Rxd7+ Kxd7 48. fxe6+ fxe6 49. Be4 Rd4 50. Bc6+ Kc8 51. a6 Rb4+ 52. Bb5 Kb8 53.
a7+ Ka8 54. Ka6 Rxb5 55. Kxb5 Kxa7 56. Kc6 g5 57. hxg5 hxg5 58. Kd6 Kb6 59.
Kxe6 Kc6 60. Kf5 Kd7 61. Kxg5 Ke6 62. Kg6 Ke7 63. Kg7 1-0

[Event "Oakville Winter op U2100"]
[Site "Oakville CAN"]
[Date "2019.01.27"]
[Round "4.12"]
[White "Brajkovic, Nikola"]
[Black "Zhao, Jeffrey Renfei"]
[Result "0-1"]
[WhiteElo "1992"]
[BlackElo "2052"]
[PlyCount "120"]
[EventDate "2019.01.25"]
[EventType "swiss"]
[EventRounds "5"]
[EventCountry "CAN"]

1. e4 e5 2. Nf3 Nc6 3. d4 exd4 4. Nxd4 Bc5 5. Be3 Qf6 6. c3 Nge7 7. Nf5 Bb6 8.
Bxb6 axb6 9. Ne3 d6 10. Bd3 Be6 11. a3 O-O 12. O-O Ne5 13. f4 Nxd3 14. Qxd3 h5
15. Nd2 Bd7 16. Rf2 Bc6 17. Raf1 Rad8 18. Nd5 Bxd5 19. exd5 Qf5 20. Qxf5 Nxf5
21. Re1 Rfe8 22. Rfe2 Rxe2 23. Rxe2 Kf8 24. Kf2 Re8 25. Ne4 Re7 26. a4 Ke8 27.
g3 Kd7 28. Kf3 Re8 29. Rd2 Ra8 30. b3 Re8 31. Rd3 f6 32. h3 Nh6 33. Rd1 Re7 34.
Rg1 Kd8 35. Nf2 Nf5 36. Nd1 g5 37. Rf1 Kd7 38. fxg5 fxg5 39. Kg2 Re5 40. c4 Ke7
41. Rf2 Nd4 42. b4 Nf5 43. Rf3 Nd4 44. Rd3 Nc2 45. Rb3 Re4 46. Rc3 Nxb4 47. Ne3
Kf6 48. Kf3 Ke5 49. Rb3 Na6 50. Ra3 Nc5 51. a5 bxa5 52. Rxa5 Kd4 53. Ra3 Re5
54. g4 h4 55. Ke2 c6 56. dxc6 bxc6 57. Kd2 Ne4+ 58. Ke2 Ng3+ 59. Kf3 Kc5 60.
Ra4 Re4 0-1

[Event "Oakville Winter op U2100"]
[Site "Oakville CAN"]
[Date "2019.01.27"]
[Round "4.13"]
[White "Chakkoli, Shiva"]
[Black "Gunapalan, David"]
[Result "1-0"]
[WhiteElo "1862"]
[BlackElo "2012"]
[PlyCount "143"]
[EventDate "2019.01.25"]
[EventType "swiss"]
[EventRounds "5"]
[EventCountry "CAN"]

1. c4 e6 2. Nc3 d5 3. d4 c5 4. e3 Nc6 5. Nf3 Nf6 6. Be2 dxc4 7. Bxc4 cxd4 8.
Nxd4 Nxd4 9. Qxd4 Qxd4 10. exd4 b6 11. Bg5 Bb7 12. Bxf6 gxf6 13. Bb5+ Kd8 14.
f3 Rg8 15. Kf2 f5 16. Rhd1 Bd6 17. d5 Ke7 18. g3 h5 19. Bc6 Bxc6 20. dxc6 a6
21. f4 Rac8 22. Rac1 Bc5+ 23. Kf3 Rgd8 24. Rxd8 Rxd8 25. Na4 Bd4 26. Rd1 Rd6
27. Ke2 b5 28. c7 Kd7 29. Rc1 Kc8 30. Nc3 Rc6 31. Kd3 Ba7 32. Re1 Kxc7 33. b4
Rc4 34. a3 h4 35. Re2 hxg3 36. hxg3 Bd4 37. Nd1 Bf6 38. Rh2 Rc1 39. Kd2 Ra1 40.
Rh7 Kd6 41. Rxf7 Bd4 42. Rf8 Ke7 43. Ra8 Rxa3 44. Kc2 Bg1 45. Nc3 Bh2 46. Nxb5
Rxg3 47. Rxa6 Rg2+ 48. Kd3 Bxf4 49. Nd4 Rg3+ 50. Kc4 Re3 51. b5 Re4 52. Kd3
Re3+ 53. Kc4 Re4 54. Kd3 Re1 55. Rc6 Rd1+ 56. Kc3 Be5 57. Rxe6+ Kd7 58. Rxe5 f4
59. Rd5+ Kc8 60. Rf5 Rc1+ 61. Kd2 Rb1 62. Rxf4 Kb7 63. Rf6 Rb2+ 64. Kc3 Rb1 65.
Kc4 Rc1+ 66. Kb4 Rb1+ 67. Nb3 Rh1 68. Ka5 Rb1 69. Rf7+ Kb8 70. Kb6 Kc8 71. Nc5
Kd8 72. Kc6 1-0

[Event "Oakville Winter op U2100"]
[Site "Oakville CAN"]
[Date "2019.01.27"]
[Round "4.14"]
[White "Xiang, Christopher"]
[Black "Qiao, Joey"]
[Result "0-1"]
[WhiteElo "1700"]
[BlackElo "1702"]
[PlyCount "54"]
[EventDate "2019.01.25"]
[EventType "swiss"]
[EventRounds "5"]
[EventCountry "CAN"]

1. e4 e5 2. Nf3 Nc6 3. d4 exd4 4. Nxd4 Bc5 5. Nxc6 bxc6 6. Bd3 d5 7. O-O Ne7 8.
Qe2 O-O 9. Be3 Bd6 10. Nd2 f5 11. f3 Ng6 12. exf5 Bxf5 13. Nb3 Bxd3 14. cxd3
Qf6 15. Qf2 Ne5 16. Rfd1 Qg6 17. Kh1 Nxd3 18. Qc2 Qh5 19. g4 Nb4 20. Qg2 Qg6
21. Bc5 Bxc5 22. Nxc5 Nc2 23. Rac1 Ne3 24. Qe2 Nxd1 25. Qxd1 Rf7 26. Qe2 Raf8
27. Kg2 Qf6 0-1

[Event "Oakville Winter op U2100"]
[Site "Oakville CAN"]
[Date "2019.01.27"]
[Round "5.7"]
[White "Rusonik, Max"]
[Black "Zhao, Jeffrey R"]
[Result "1-0"]
[WhiteElo "2058"]
[BlackElo "2027"]
[PlyCount "69"]
[EventDate "2019.01.25"]
[EventType "swiss"]
[EventRounds "5"]
[EventCountry "CAN"]

1. e4 c5 2. Nf3 d6 3. d4 cxd4 4. Nxd4 Nf6 5. Nc3 a6 6. Bg5 e6 7. f4 Be7 8. Qf3
Qc7 9. O-O-O Nbd7 10. g4 b5 11. Bxf6 Nxf6 12. g5 Nd7 13. f5 Nc5 14. fxe6 fxe6
15. Bh3 b4 16. Nce2 Bxg5+ 17. Kb1 Bf6 18. Rhf1 O-O 19. e5 Bb7 20. Bxe6+ Nxe6
21. Qb3 Qf7 22. Nxe6 Rfe8 23. exf6 a5 24. N2d4 a4 25. Qxb4 gxf6 26. Qxd6 Ra5
27. Nd8 Qc4 28. Rg1+ Rg5 29. Qxf6 Rg2 30. Nxb7 Qd5 31. Rxg2+ Qxg2 32. Qf3 Qxh2
33. a3 h5 34. Rh1 Qe5 35. Qxh5 1-0

[Event "Oakville Winter op U2100"]
[Site "Oakville CAN"]
[Date "2019.01.27"]
[Round "5.8"]
[White "Huang, Youhe"]
[Black "England, Max"]
[Result "0-1"]
[WhiteElo "1941"]
[BlackElo "2010"]
[PlyCount "98"]
[EventDate "2019.01.25"]
[EventType "swiss"]
[EventRounds "5"]
[EventCountry "CAN"]

1. d4 Nf6 2. Nf3 d5 3. e3 e6 4. b3 Bd6 5. Bb2 b6 6. Nbd2 Bb7 7. Bd3 Nbd7 8. c4
Ne4 9. O-O O-O 10. Qc2 f5 11. Ne5 c5 12. cxd5 exd5 13. f3 Nxd2 14. Qxd2 cxd4
15. exd4 Bxe5 16. dxe5 Nc5 17. Rac1 Ne6 18. Bb1 Qd7 19. Ba3 Rf7 20. Rc2 Rd8 21.
Rfc1 d4 22. Bd6 Bd5 23. Qd3 g6 24. b4 b5 25. a3 Qb7 26. Ba2 a6 27. Bb3 Rfd7 28.
Rc6 Bxb3 29. Qxb3 Kf7 30. Bc7 Re8 31. Rb6 Qd5 32. Qxd5 Rxd5 33. Rd6 Nf4 34. Rc5
Rxd6 35. exd6 Nd3 36. g3 Nxc5 37. bxc5 d3 38. Ba5 Ke6 39. Kf2 Kd7 40. h3 Re2+
41. Kf1 Rh2 42. Ke1 Rxh3 43. Kd2 Rxg3 44. Kxd3 Rxf3+ 45. Kd4 Kc6 46. Bd2 Rf2
47. Bc3 Re2 48. Kd3 Re4 49. Bb4 h5 0-1

[Event "Oakville Winter op U2100"]
[Site "Oakville CAN"]
[Date "2019.01.27"]
[Round "5.9"]
[White "Calvelo, Jelvis"]
[Black "Liu, Harrison"]
[Result "1-0"]
[WhiteElo "2051"]
[BlackElo "1745"]
[PlyCount "45"]
[EventDate "2019.01.25"]
[EventType "swiss"]
[EventRounds "5"]
[EventCountry "CAN"]

1. c4 Nf6 2. d4 g6 3. Nc3 d5 4. e3 Bg7 5. Nf3 O-O 6. Qb3 c6 7. a4 a5 8. Be2 e6
9. O-O Qe7 10. Ne5 Nbd7 11. f4 Nxe5 12. fxe5 Nd7 13. Qc2 b6 14. b3 Bb7 15. Ba3
c5 16. cxd5 exd5 17. Bf3 Qe6 18. Nb5 Rac8 19. Nd6 Ba6 20. Nxc8 Bxf1 21. Bxd5
Qe8 22. Nd6 Qb8 23. Rxf1 1-0

[Event "Oakville Winter op U2100"]
[Site "Oakville CAN"]
[Date "2019.01.27"]
[Round "5.10"]
[White "Malmsten, Erik"]
[Black "Jackson, Nicholas"]
[Result "0-1"]
[WhiteElo "1944"]
[BlackElo "1969"]
[PlyCount "126"]
[EventDate "2019.01.25"]
[EventType "swiss"]
[EventRounds "5"]
[EventCountry "CAN"]

1. e4 c5 2. c4 Nc6 3. Nc3 g6 4. g3 Bg7 5. Bg2 d6 6. f4 e5 7. Nf3 Bg4 8. d3 Nge7
9. h3 Bxf3 10. Qxf3 Nd4 11. Qf2 Nec6 12. O-O O-O 13. f5 Nb4 14. f6 Bh8 15. Bg5
Nxd3 16. Qd2 Nb4 17. a3 Nbc6 18. Rad1 Qb6 19. Nd5 Qb3 20. Rc1 Qxg3 21. h4 Nb3
22. Qe2 Nxc1 23. Rxc1 h5 24. Rc3 Nd4 25. Qf1 Qg4 26. Re3 Ne6 27. Kh2 Nxg5 28.
hxg5 Qxg5 29. Rg3 Qh6 30. Bh3 Kh7 31. Qf3 Rab8 32. Bf5 Rfe8 33. Rh3 Kg8 34.
Bxg6 fxg6 35. f7+ Kf8 36. fxe8=Q+ Kxe8 37. Nc7+ Kd7 38. Qf7+ Kc6 39. Nd5 Qg7
40. Ne7+ Kb6 41. Qxg7 Bxg7 42. Nxg6 Bh6 43. Rxh5 Bc1 44. Rh3 Rg8 45. Ne7 Bf4+
46. Kh1 Rg3 47. Nd5+ Ka5 48. Nxf4 exf4 49. Rxg3 fxg3 50. Kg2 Ka4 51. Kxg3 Kb3
52. Kf4 Kxc4 53. Kf5 Kd4 54. a4 c4 55. a5 b5 56. Ke6 Kxe4 57. Kxd6 b4 58. Kc6
c3 59. bxc3 bxc3 60. Kb7 c2 61. Kxa7 c1=Q 62. Kb7 Qb2+ 63. Ka7 Qd4+ 0-1

[Event "Oakville Winter op U2100"]
[Site "Oakville CAN"]
[Date "2019.01.27"]
[Round "5.11"]
[White "Lauron, Ranel"]
[Black "Stewart, Scott"]
[Result "0-1"]
[WhiteElo "2094"]
[BlackElo "1778"]
[PlyCount "51"]
[EventDate "2019.01.25"]
[EventType "swiss"]
[EventRounds "5"]
[EventCountry "CAN"]

1. e4 c5 2. d4 cxd4 3. Qxd4 Nc6 4. Qe3 d6 5. Nc3 Nf6 6. Bd2 e6 7. O-O-O Be7 8.
f4 O-O 9. Nf3 Ng4 10. Qe1 Qb6 11. h3 Nf6 12. g4 d5 13. g5 Nxe4 14. Nxe4 dxe4
15. Bc3 exf3 16. Bd3 g6 17. Be4 f2 18. Qe2 Bc5 19. Kb1 Nd4 20. Rxd4 Bxd4 21.
Bxd4 Qxd4 22. Rd1 Qb6 23. Rf1 Rd8 24. Rxf2 Qxf2 25. Bd3 Qg1+ 26. Qf1 0-1